[Event "SLO-chT1 East"]
[Site "Celje"]
[Date "2007.11.21"]
[Round "9"]
[White "Dravinec, Ladislav"]
[Black "Hocevar, Nikola"]
[Result "1/2-1/2"]
[WhiteElo "1980"]
[BlackElo "2097"]
[PlyCount "22"]
[EventDate "2007.11.11"]
[EventType "team-tourn"]
[EventRounds "9"]
[EventCountry "SLO"]
[SourceTitle "EXT 2010"]
[Source "ChessBase"]
[SourceDate "2010.11.25"]
[SourceVersion "1"]
[SourceVersionDate "2010.11.25"]
[SourceQuality "1"]

1. e4 c5 2. c3 d5 3. exd5 Qxd5 4. d4 Nc6 5. Nf3 cxd4 6. cxd4 e6 7. Nc3 Bb4 8. Be3 Nf6 9. Bd3 Ng4 10. 0-0 Bxc3 11. bxc3 Nxe3 1/2-1/2

[Event "SLO-chT1 East"]
[Site "Celje"]
[Date "2007.11.16"]
[Round "6"]
[White "Tomazic, Martin"]
[Black "Dravinec, Ladislav"]
[Result "0-1"]
[WhiteElo "1720"]
[BlackElo "1980"]
[PlyCount "94"]
[EventDate "2007.11.11"]
[EventType "team-tourn"]
[EventRounds "9"]
[EventCountry "SLO"]
[SourceTitle "EXT 2010"]
[Source "ChessBase"]
[SourceDate "2010.11.25"]
[SourceVersion "1"]
[SourceVersionDate "2010.11.25"]
[SourceQuality "1"]

1. e4 e6 2. d4 d5 3. e5 c5 4. c3 Nc6 5. Nf3 Qb6 6. a3 Nh6 7. Bd3 Bd7 8. dxc5 Bxc5 9. 0-0 Ng4 10. Qe2 Qc7 11. b4 Bb6 12. Bf4 f6 13. Nd4 Ngxe5 14. Nb5 Qb8 15. c4 0-0 16. cxd5 exd5 17. Nd2 a6 18. Nc3 Bg4 19. Qxg4 Nxg4 20. Bxb8 Raxb8 21. Nxd5 Bd4 22. Ra2 Nge5 23. Be2 Rfd8 24. Nf3 Rxd5 25. Rd2 Nxf3+ 26. gxf3 Rd6 27. Rfd1 Rbd8 28. f4 Bxf2+ 29. Kxf2 Rxd2 30. Rxd2 Rxd2 31. Ke3 Rxe2+ 32. Kxe2 Kf7 33. Kd3 Ke6 34. Kc4 Kd6 35. b5 Nd8 36. a4 g5 37. fxg5 fxg5 38. bxa6 bxa6 39. Kd4 Nc6+ 40. Ke4 Ke6 41. h3 h5 42. Kf3 Kf5 43. Kg3 Ne5 44. Kg2 Kf4 45. Kf2 Nc4 46. Kg2 Nb2 47. a5 Nc4 0-1

[Event "SLO-chT1 East"]
[Site "Celje"]
[Date "2006.11.12"]
[Round "7"]
[White "Dravinec, Ladislav"]
[Black "Spelec, Darko"]
[Result "1-0"]
[WhiteElo "1962"]
[BlackElo "2095"]
[PlyCount "61"]
[EventDate "2006.11.04"]
[EventType "team"]
[EventRounds "9"]
[EventCountry "SLO"]
[SourceTitle "EXT 2008"]
[Source "ChessBase"]
[SourceDate "2007.11.25"]
[SourceVersion "1"]
[SourceVersionDate "2007.11.25"]
[SourceQuality "1"]

1. e4 e6 2. d4 d5 3. e5 c5 4. c3 Qb6 5. Nf3 Bd7 6. a3 Bb5 7. b4 cxd4 8. Bxb5+ Qxb5 9. cxd4 Nc6 10. Nc3 Qb6 11. 0-0 Nge7 12. Na4 Qd8 13. Nc5 b6 14. Nb7 Qb8 15. Nd6+ Kd7 16. Nxf7 Rg8 17. Nd6 Ng6 18. Nb5 Qe8 19. Be3 a6 20. Nc3 b5 21. Qb3 Nge7 22. Rac1 g5 23. a4 Qh5 24. axb5 axb5 25. Nxb5 Bh6 26. Nd6 Rgf8 27. Ne1 g4 28. Nd3 g3 29. Nc5+ Kc7 30. hxg3 Rg8 31. Qc3 1-0

[Event "SLO-chT East"]
[Site "Slovenia"]
[Date "2005.10.22"]
[Round "4.4"]
[White "Vidic, Branko"]
[Black "Dravinec, Ladislav"]
[Result "1-0"]
[WhiteElo "1998"]
[BlackElo "1997"]
[PlyCount "113"]
[EventDate "2005.10.19"]
[EventType "team"]
[EventRounds "9"]
[EventCountry "SLO"]
[SourceTitle "EXT 2009"]
[Source "ChessBase"]
[SourceDate "2008.11.26"]
[SourceVersion "1"]
[SourceVersionDate "2008.11.26"]
[SourceQuality "1"]

1. d4 Nf6 2. Nf3 c5 3. d5 d6 4. c4 g6 5. Nc3 Bg7 6. g3 0-0 7. Bg2 e6 8. 0-0 exd5 9. cxd5 Nbd7 10. h3 a6 11. a4 Rb8 12. Qd3 Qc7 13. Nd2 Ne5 14. Qc2 b5 15. axb5 axb5 16. Nce4 Nxe4 17. Nxe4 Bf5 18. g4 Bxe4 19. Bxe4 Rfe8 20. Bg2 c4 21. Bf4 Nd7 22. Ra6 Rb6 23. Rfa1 Be5 24. Be3 Nc5 25. Ra7 Rb7 26. Rxb7 Qxb7 27. Bxc5 dxc5 28. d6 Qd7 29. Ra6 Rd8 30. Rb6 Qa7 31. Rxb5 Qa1+ 32. Bf1 Rxd6 33. e3 Rd1 34. Qxc4 Bxb2 35. Rb7 Rxf1+ 36. Qxf1 c4 37. Qxa1 Bxa1 38. Rc7 c3 39. Kf1 Kg7 40. Ke2 Kf6 41. f4 Ke6 42. Kd3 h6 43. e4 Bb2 44. f5+ Kf6 45. e5+ Kxe5 46. Rxf7 gxf5 47. Rxf5+ Ke6 48. Rh5 Bc1 49. Kxc3 Kf6 50. Kd3 Bg5 51. Ke4 Kg6 52. h4 Bd2 53. Rc5 Be1 54. Rc6+ Kg7 55. h5 Bd2 56. Kf5 Bg5 57. Rg6+ 1-0

[Event "SLO-chT2"]
[Site "Slovenia"]
[Date "2002.??.??"]
[Round "4"]
[White "Dravinec, Ladislav"]
[Black "Petek, Primoz"]
[Result "0-1"]
[WhiteElo "2008"]
[BlackElo "2051"]
[PlyCount "92"]
[EventDate "2002.04.07"]
[EventType "team"]
[EventRounds "9"]
[EventCountry "SLO"]
[SourceTitle "EXT 2005"]
[Source "ChessBase"]
[SourceDate "2004.11.15"]
[SourceVersion "1"]
[SourceVersionDate "2004.11.15"]
[SourceQuality "1"]

1. e4 e5 2. Nf3 Nc6 3. Nc3 Nf6 4. d4 exd4 5. Nxd4 Bb4 6. Nxc6 bxc6 7. Bd3 d5 8. exd5 cxd5 9. 0-0 0-0 10. Nb5 Bg4 11. f3 Bh5 12. Bg5 Bc5+ 13. Kh1 c6 14. Nc3 h6 15. Bh4 g5 16. Bf2 Bxf2 17. Rxf2 Qb6 18. Qd2 Qxb2 19. Rb1 Qa3 20. h4 d4 21. Ne4 Nxe4 22. fxe4 Qe7 23. Rbf1 f6 24. Bc4+ Kg7 25. Qxd4 Rad8 26. Qe3 Bg6 27. Bd3 Rde8 28. Re2 c5 29. Qd2 Qe5 30. Qe1 Qd4 31. Qf2 Qxf2 32. Rfxf2 Re5 33. hxg5 hxg5 34. Rf1 Rfe8 35. Rfe1 Bf7 36. Bb5 R8e7 37. a4 c4 38. c3 f5 39. Bc6 a6 40. Kg1 Be8 41. Bxe8 Rxe8 42. Kf2 fxe4 43. Ke3 Rd5 44. Rd2 Rd3+ 45. Rxd3 exd3+ 46. Kd2 Rxe1 0-1